Statistics for Biggest Cities in the NATO by Letter - A

Click here to take the quiz!

General Stats

  • This quiz has been taken 51 times
  • The average score is 13 of 20

Answer Stats

Rank Population Country Hint City % Correct
4948,000United StatesCapital of TexasAustin
100%
14,587,000TurkeyCapital, Sihhiye SquareAnkara
98%
5849,000NetherlandsCanals (Grachten), Anne FrankAmsterdam
98%
6664,000GreeceAcropolis, ParthenonAthens
95%
9473,000United StatesWorld's busiest airportAtlanta
93%
8517,000BelgiumDiamonds, 1920 OlympicsAntwerp
90%
15298,000United StatesAlaskaAnchorage
88%
7559,000United StatesBalloon Fiesta, New MexicoAlbuquerque
75%
11393,000United StatesDallas suburb, Six Flags Over TexasArlington, Texas
70%
20230,000United StatesHas the Pentagon and a national cemeteryArlington, Virginia
70%
13351,000United StatesDisneylandAnaheim
68%
31,068,000TurkeyBeaches, Turkish RivieraAntalya
55%
14331,000SpainCosta BlancaAlicante
53%
17269,000DenmarkLargest centre in JutlandAarhus
53%
12361,000United StatesNear Denver, 2012 shootingAurora
50%
18246,000GermanyNear the borders of the Netherlands and BelgiumAachen
50%
16286,000GermanyFugger familyAugsburg
35%
21,663,000TurkeyFifth-biggest in Turkey, KebabAdana
33%
19244,000SpainTower of Hercules, busy portA Coruña
18%
10462,000TurkeySakaryaspor, Marmara RegionAdapazari
0%

Score Distribution

Percentile by Number Answered

Percent of People with Each Score

Your Score History

You have not taken this quiz